00666nam a2200193Ia 4500008004100000082001700041100001500058245005000073250000800123260003200131300001200163500002400175650001600199700002100215942000700236952010600243952010600349999001700455230524s9999 xx 000 0 und d a621.317bRAM aSimon Ramo 0aFields and Waves in Communication Electronics a3RD aSINGAPOREbJohn Wileyc1994 aXIX;844 aQuantity Number: 2 aElectronics a John R.Whinnery cBK 00104070aTATCLbTATCLcGENd2023-05-24l0o621.317 RAMp1483r2023-05-24w2023-05-24yBKzCPEE5307 00104070aTATCLbTATCLcGENd2023-05-24l0o621.317 RAMp3565r2023-05-24w2023-05-24yBKzCPEE5307 c12754d12754